000 00601nam a2200241Ia 4500
003 OSt
005 20220924150117.0
006 a|||||r|||| 00| 0
007 ta
008 220923b |||||||| |||| 00| 0 tel d
020 _c8.00
024 _a331831
037 _cTextual
040 _aARTS
_cARTS
_btel
041 _2tel
_atel
082 _a035,1x, M1
100 _aReddy Venugopal Au.
_9221299
245 0 _aKavi kokila grandhamala
260 _c1981
650 _aTELUGU LITERATURE
942 _h035,1x, M1
_cTEXL
_2CC
999 _c462240
_d462240